00753nam a2200181 u 450000100100000000500170001000800410002704000250006808200100009311000860010324500590018926000360024830000270028450000210031195201150033295201090044799900150055600000449420200929151441.009072322000 dr a r 001 0 spa d aDO-SdBNPbspacBNPHU aM953u1 aRepública Dominicana, Centro de Orientación e Investigación Integral91314210aMujeres unidas :bnuestros primeros pasos (1995-2000). aSanto Domingo :bMODEMU,c2000. a109 p. :bil ;c26 cm. aIncluye índice 0010718PDaPDbPDcCTd2009-07-23iLF1l0oM953u p4494-10r2020-06-25te. 2w2020-06-25yLFPDZNo se presta 0010718PDaPDbPDcCTd2009-07-23iLF1l0oM953u p4494-20r2020-06-25w2020-06-25yLFPDZNo se presta c4303d4303